000 00344nam a2200133Ia 4500
005 20260328104311.0
008 260328s9999||||xx |||||||||||||| ||und||
100 _aMenéndez, Pedro
245 0 _aAmbiente Humano para Ciudades Felices /
_cPedro Menéndez
260 _bECOE ediciones
300 _a231 p.
650 _aURBANISMO
942 _cBK
999 _c10962
_d10962